Projekt letného kúpaliska v mestskej zástavbe

Gespeichert in:
Bibliographische Detailangaben
1. Verfasser: Antaš, Martin (Verfasst von)
Weitere Verfasser: Hanuliak, Peter (Betreuung Doktorarbeit)
Format: Manuskript Buch
Sprache:Slowakisch
Veröffentlicht: 2025
Schlagworte:
Online-Zugang:http://is.stuba.sk/zp/portal_zp.pl?podrobnosti=183476
CRZP
Tags: Tag hinzufügen
Keine Tags, Fügen Sie das erste Tag hinzu!

MARC

LEADER 00000ntm a22000003a 4500
001 stuzp105989
003 SK-STU
005 20250717140135.5
007 ta
008 150427s2015----xo-----f-mn---000-0-slo-d
040 |a STU  |b slo 
041 0 |a slo 
100 1 |a Antaš, Martin  |u 010180  |4 aut  |U SvF Stavebná fakulta  |T SvF Katedra konštrukcií pozemných stavieb  |X 104655  |U V180  |Y 18  |7 104655 
242 0 1 |a Summer water center in residential area  |y eng 
245 1 0 |a Projekt letného kúpaliska v mestskej zástavbe 
260 |c 2025 
650 4 |a swimming pool  |2 eng 
650 4 |a ventilated facade  |2 eng 
650 4 |a swimming pool  |2 eng 
650 4 |a kúpalisko  |2 slo 
650 4 |a plaváreň  |2 slo 
650 4 |a prevetravaná fasáda  |2 slo 
700 1 |a Hanuliak, Peter  |u 010180  |k Z1  |4 ths  |U SvF Stavebná fakulta  |T SvF Katedra konštrukcií pozemných stavieb  |X 11280  |U V180  |Y 18  |7 A000011280 
856 4 |u http://is.stuba.sk/zp/portal_zp.pl?podrobnosti=183476 
856 4 |u https://opac.crzp.sk/?fn=detailBiblioForm&sid=71F69C32541FA5093D6571B0024D  |z CRZP